000 00284nam a22001337a 4500
008 190227b xxu||||| |||| 00| 0 eng d
020 _a9780765682840
041 _aeng
080 _a321
100 _a19
101 _aSHP
245 _aWorld Terrorism
_cCiment, J
942 _2udc
_cBK
999 _c54352
_d54352